Campeões da Copa do Mundo de Futebol de Areia - Statistics

Estatísticas Gerais
  • Esse quiz foi jogado 100 vezes
  • A pontuação média é 13 de 21
Estatísticas das Respostas
Resposta % Correto
Brasil
100%
Argentina
95%
Portugal
93%
Atletas da Rússia (RFU)
88%
Espanha
88%
Estados Unidos
88%
Rússia
88%
França
84%
Itália
84%
Uruguai
80%
México
78%
Japão
74%
Inglaterra
66%
Peru
53%
Irã
51%
Suiça
42%
Senegal
28%
Taiti
26%
Bielorrússia
16%
Tailândia
16%
El Salvador
5%
Nenhum quiz correspondente encontrado
Distribuição das Pontuações
Porcentagem de Pessoas com Cada Pontuação
Percentil de Números Respondidos
Sua Pontuação Histórica
Você não jogou esse quiz